| 000 | 00544nam a2200169Ia 4500 | ||
|---|---|---|---|
| 003 | IN-BaIIA | ||
| 008 | 211028s9999 xx 000 0 eng d | ||
| 040 | _cIIA Library | ||
| 080 |
_a52(083) _bDEL |
||
| 100 |
_aDelambre, Bvrgm _9944 |
||
| 245 | 0 |
_aTables astronomiques publiees par le bureau des longitudes de France (In French) _cBvrgm Delambre |
|
| 260 |
_aParis _bChez Courcier _c1806 |
||
| 300 | _avaries | ||
| 650 | _aAstronomy and Astrophysics Thesaurus | ||
| 650 |
_aTables _9945 |
||
| 942 | _cBK | ||
| 999 |
_c415 _d415 |
||